Το ιστορικό στοιχείο ως παράγοντας διαμόρφωσης των μυθιστορημάτων του Γιώργου Θεοτοκά : i) Αργώ ii) Λεωνής iii) Ασθενείς και οδοιπόροι : διπλωματική εργασία [μεταπτυχιακή εργασία]
Αποθηκεύτηκε σε:
| Κύριος συγγραφέας: | |
|---|---|
| Συγγραφή απο Οργανισμό/Αρχή: | |
| Άλλοι συγγραφείς: | |
| Μορφή: | Thesis Βιβλίο |
| Γλώσσα: | Greek |
| Δημοσίευση: |
2009
|
| Θέματα: | |
| Διαθέσιμο Online: | http://hdl.handle.net/11610/13726 |
| Ετικέτες: |
Προσθήκη ετικέτας
Δεν υπάρχουν, Καταχωρήστε ετικέτα πρώτοι!
|
MARC
| LEADER | 00000cam a2200000 i 4500 | ||
|---|---|---|---|
| 001 | 1/8666 | ||
| 008 | 100624s2009 gre d | ||
| 035 | |l 10108345 | ||
| 040 | |a GR-MY-UA |b gre |e aacr | ||
| 041 | 0 | |a gre | |
| 082 | 0 | |a 809.89 |2 (22) | |
| 100 | 1 | |a Καραγιάννης, Κωνσταντίνος. | |
| 245 | 1 | 3 | |a Το ιστορικό στοιχείο ως παράγοντας διαμόρφωσης των μυθιστορημάτων του Γιώργου Θεοτοκά : |b i) Αργώ ii) Λεωνής iii) Ασθενείς και οδοιπόροι : διπλωματική εργασία [μεταπτυχιακή εργασία] / |c Κωνσταντίνος Ι. Καραγιάννης ; επιβλέπουσα: Αναγνωστοπούλου Διαμάντη |
| 260 | |c 2009 | ||
| 300 | |a 91 σ.; |c 30 εκ. | ||
| 500 | |a Μέλη εξεταστικής επιτροπής: Γιαννικοπούλου Αγγελική, Παπαντωνάκης Γεώργιος | ||
| 502 | |a Διατριβή (μεταπτυχιακή) – Πανεπιστήμιο Αιγαίου, Ρόδος, 2009. | ||
| 504 | |a Βιβλιογραφία: σ. 82-91 | ||
| 650 | 0 | 0 | |a Children's literature |x History and criticism. |
| 650 | 0 | 0 | |a Children's literature |x Authorship. |
| 650 | 0 | 0 | |a Books and reading. |
| 650 | 0 | 0 | |a Children |x Folklore. |
| 650 | 0 | 0 | |a Dissertations, Academic |z Greece. |
| 700 | 1 | |a Αναγνωστοπούλου, Διαμάντη. |4 ths | |
| 710 | 1 | |a Πανεπιστήμιο Αιγαίου |b Σχολή Ανθρωπιστικών Επιστημών |b Τμήμα Επιστημών της Προσχολικής Αγωγής και του Εκπαιδευτικού Σχεδιασμού |b Μεταπτυχιακό Πρόγραμμα Σπουδών Παιδικό Βιβλίο και Παιδαγωγικό Υλικό. | |
| 852 | |a INST |b RHODES |c DIATR |e 20110406 |h 809.89 ΚΑΡ |p 005400032780 |q 005400032780 |t MTXE |y 23 | ||
| 852 | |a INST |b RHODES |c DIATR |e 20110406 |h 809.89 ΚΑΡ |p 005400032781 |q 005400032781 |t MTXE |y 23 | ||
| 856 | |u http://hdl.handle.net/11610/13726 | ||
| 901 | |a BIBL4-2010-2 | ||
| 909 | |a Ρ |b 159883 | ||
| 909 | |a Ρ |b 159884 | ||
| 924 | |a ΚΑΡΑΓΙΑΝΝΗΣ |b ΚΩΝΣΤΑΝΤΙΝΟΣ |y ΡΟΔΟΣ |z 2010-05 | ||
| 970 | |a ΚΟΖΑ |b ΜΑΡΙΑ |z 2010/06/24 | ||